000 00720nam a2200289Ia 4500
005 20260324121031.0
008 008 260324s9999 xx 000 0 eng d
020 _a9781315110493
037 _aEBOOK
040 _aCRL
040 _beng
040 _cCRL
041 _2eng
041 _aeng
084 _qCRL
100 _aRobert Talisse; Scott Aikin
_91160930
245 0 _aWhy We Argue (And How We Should)
245 2 _bA Guide to Political Disagreement in an Age of Unreason
260 _bTaylor and Francis
260 _c2014
365 _a
365 _b230
856 _uhttp://www.taylorfrancis.com/books/9781315110493
942 _cEBOOK
999 _c1752778
_d1752778